000
00229nam a22000857a 4500
008
170603b xxu||||| |||| 00| 0 eng d
100
_9
3251
_a
Lowery. L
245
_a
Spell of the winter wizard
260
_a
U. K
_b
T. S. R Publication
_c
1983
999
_c
6565
_d
6565